Výskum trhu ako analytická metóda pre získavanie podkladov smerujúcich k zvyšovaniu spokojnosti zákazníkov diplomová práca

Saved in:
Bibliographic Details
Main Author: Mikoláš, Vladimír
Corporate Author: Obchodná fakulta EU. Katedra služieb a cestovného ruchu - zrušené
Other Authors: Pavlík, Adrián
Format: Book
Language:Slovak
Published: Bratislava 2008
Tags: Add Tag
No Tags, Be the first to tag this record!

MARC

LEADER 00000nam$a2200000$$$4500
001 0087965
005 20240201120744.2
041 0 |a slo 
044 |a SK 
245 1 0 |a Výskum trhu ako analytická metóda pre získavanie podkladov smerujúcich k zvyšovaniu spokojnosti zákazníkov  |b diplomová práca  |c Vladimír Mikoláš ; škol. Adrián Pavlík 
264 1 |a Bratislava  |c 2008 
300 |a 71 s. 
100 1 |a Mikoláš, Vladimír 
700 1 |a Pavlík, Adrián 
710 2 |a Obchodná fakulta EU. Katedra služieb a cestovného ruchu - zrušené